Представление документа в формате RUSMARC

Поле Инд. ПП Название Значение
Тип записи a
Библиографический уровень s
001 Контрольный номер 02ac2902c7bc48a3a0be79f546d3c122
005 Дата корректировки 20230110133308.3
011 a ISSN 1812-3767
200 1_ a Заглавие Конституционное и муниципальное право
b Общее обозначение материала Текст
e Сведения, относящиеся к заглавию научный журнал
203 c Тип средства непосредственный
210 1_ d Дата издания 2021
a Место издания Москва
c Издательство ООО Издательская группа Юрист
326 a Примечания о периодичности (серийного издания) Ежемес.
330 a Аннотация Аналитические материалы о законодательстве регионов, их сравнительный анализ, обзор решений Конституционного суда РФ и конституционных и уставных судов субъектов РФ, избирательное право и избирательные системы, конституционная ответственность, законотворчество, законодательный процесс. Проблемы теории конституционного права; актуальные проблемы местного самоуправления; права и свободы гражданина; проблемы федерализма; конституционное право и проблемы отраслей права. Научные статьи, аналитические обобщения, законопроекты и их анализ, проекты и действующие нормативно-правовые документы, мнения экспертов обобщение практической деятельности органов государственной власти и МСУ, отрывки из монографий, рецензии на научные издания; книжные обозрения, споры по актуальным вопросам юридической деятельности, материалы судебной практики.
801 _0 a Страна RU
b Организация КФ РГУП
c Дата составления 20210111
g Правила каталогизации PSBO
801 _1 a Страна RU
b Организация КФ РГУП
c Дата составления 20210111
g Правила каталогизации PSBO
901 t Тип документа u
905 a Дата ввода 20230110
953 a Вид документа Журнал печатный